00249nam a2200109Ia 4500008004100000082000900041100002100050245001600071260002000087630001600107730001600123100328s9999 xx 000 0 und d b1782 aSwami Vivekanand aBhakti Yoga bAdvaita Ashrama aBhakti Yoga aBhakti Yoga